Asistencia técnica y organizacional para el procesamiento industrial de la guadua. (Guadua angustifolia) / (Registro nro. 5427)
[ vista simple ]
| 000 -CABECERA | |
|---|---|
| Campo de control | 01124nam a2200277 4500 |
| 005 - FECHA Y HORA DE LA ULTIMA TRANSACCION | |
| Campo de control | 20160623101706.0 |
| 008 - ELEMENTOS DE LONGITUD FIJA—INFORMACION GENERAL | |
| Campo de control | 160623s2006 ck ad|||r|||| 00| 0 spa d |
| 040 ## - FUENTE DE CATALOGACIÓN | |
| Agencia catalogadora original | CO-BoIAVH |
| Agencia transcriptora | CO-BoIAVH |
| 041 0# - IDIOMA | |
| Código de idioma para texto/pista de sonido o título separado | Español |
| 044 ## - PAÍS DE PUBLICACIÓN | |
| País de publicación | Colombia |
| 082 04 - NUMERO DE CLASIFICACION DECIMAL DEWEY | |
| Número de clasificación | 633.58 |
| Número del ítem | B74a |
| 100 1# - ASIENTO PRINCIPAL--NOMBRE PERSONAL | |
| Nombre personal | Botero, Luis Fernando |
| Término relacionado | autor |
| 9 (RLIN) | 6961 |
| 245 10 - MENCION DE TITULO | |
| Título | Asistencia técnica y organizacional para el procesamiento industrial de la guadua. (Guadua angustifolia) / |
| Mención de responsabilidad | Luis Fernando Botero [y otros 3] |
| 260 ## - PUBLICACION, DISTRIBUCION, ETC. (PIE DE IMPRENTA) | |
| Lugar de publicación, distribución, etc. | Manizales : |
| Nombre del editor, distribuidor, etc. | FAO, |
| Fecha de publicación, distribución, etc. | 2006. |
| 300 ## - DESCRIPCION FISICA | |
| Extensión | 94 páginas : |
| Otros detalles físicos | ilustraciones a color y gráficas ; |
| Dimensiones | 26 x 19 cm. |
| 650 16 - ASIENTO SECUNDARIO DE MATERIA - TERMINO TEMATICO | |
| Término temático o nombre geográfico como elemento de entrada | Guadua |
| 9 (RLIN) | 71997 |
| 650 26 - ASIENTO SECUNDARIO DE MATERIA - TERMINO TEMATICO | |
| Término temático o nombre geográfico como elemento de entrada | Guadua angustifolia |
| 9 (RLIN) | 71991 |
| 650 26 - ASIENTO SECUNDARIO DE MATERIA - TERMINO TEMATICO | |
| Término temático o nombre geográfico como elemento de entrada | Operaciones forestales |
| 9 (RLIN) | 71998 |
| 650 26 - ASIENTO SECUNDARIO DE MATERIA - TERMINO TEMATICO | |
| Término temático o nombre geográfico como elemento de entrada | Silvicultura intensiva |
| 9 (RLIN) | 71993 |
| 700 1# - ASIENTO SECUNDARIO - NOMBRE PERSONAL | |
| Nombre personal | Charry, Alba Mercedes |
| Término de relación | autora |
| 9 (RLIN) | 71994 |
| 700 1# - ASIENTO SECUNDARIO - NOMBRE PERSONAL | |
| Nombre personal | Castaño, Francisco |
| Término de relación | autor |
| 9 (RLIN) | 21047 |
| 700 1# - ASIENTO SECUNDARIO - NOMBRE PERSONAL | |
| Nombre personal | Campos Roasio, Jorge |
| Término de relación | autor |
| 9 (RLIN) | 71995 |
| 710 2# - ASIENTO SECUNDARIO - NOMBRE CORPORATIVO | |
| Nombre corporativo o de jurisdicción como elemento de entrada | Organización de las Naciones Unidas para la Alimentación y la Agricultura |
| 9 (RLIN) | 52234 |
| 710 2# - ASIENTO SECUNDARIO - NOMBRE CORPORATIVO | |
| Nombre corporativo o de jurisdicción como elemento de entrada | Instituto de Financiamiento, Promoción y Desarrollo de Manizales - INFIMANIZALES |
| 9 (RLIN) | 71996 |
| 942 ## - ELEMENTOS ADICIONALES (KOHA) | |
| Tipo de ítem | Libro |
| Sistema de clasificación | Dewey Decimal Classification |
| Withdrawn status | Lost status | Sistema de Clasificación | Damaged status | No para préstamo | Colección | Inventariado | Ubicación Permanente | Ubicación actual | Fecha de adquisición | Fuente de Valor | Valor | Total Checkouts | Número topográfico | Inventario / Código de Barras | Date last seen | Ejemplar | Price effective from | Forma de adquisición | Tipo de material |
|---|---|---|---|---|---|---|---|---|---|---|---|---|---|---|---|---|---|---|---|
| Dewey Decimal Classification | General | Inventariado 2017 | Bogotá | Bogotá | 07/12/2006 | Instituto | 15000.00 | LB-633.58 B74a | 023850 | 04/12/2012 | Ej. 1 | 04/12/2012 | Donación | Libro | |||||
| Dewey Decimal Classification | General | Inventariado 2017 | Sala Fabio Quevedo | Sala Fabio Quevedo | 28/05/2007 | Instituto | 15000.00 | LB-633.58 B74a | 024398 | 04/12/2012 | Ej. 2 | 04/12/2012 | Donación | Libro |